Valtiot, joiden nimessä on H - Statistics

Yleistilastot
  • Tätä visaa on pelattu 822 kertaa
  • Keskiarvotulos 15 / 19
Vastaustilastot
valtio % Oikein
Haiti
96%
Honduras
95%
Yhdysvallat
87%
Bhutan
84%
Bahrain
83%
Yhdistynyt kuningaskunta
81%
Bangladesh
79%
Chile
77%
Yhdistyneet arabiemiirikunnat
77%
Bahama
75%
Bosnia ja Hertsegovina
73%
Ghana
73%
Thaimaa
73%
Pohjois-Korea
71%
Liechtenstein
69%
Pohjois-Makedonia
69%
Marshallinsaaret
68%
Seychellit
67%
Lesotho
60%
Ehtoja vastaavia visoja ei löytynyt
Tulosjakauma
Jokaisen tuloksen saaneiden osuus
Persentiili vastausten määrän mukaan
Tuloshistoriasi
Et ole pelannut tätä visaa